Fr. Conceicao Rodrigues College of Engineering

Atomic Physics (Record no. 29667)

MARC details
000 -LEADER
fixed length control field 00361nam a2200169Ia 4500
082 ## - DEWEY DECIMAL CLASSIFICATION NUMBER
Classification number 547.2/FOO
Item number FOO
100 ## - MAIN ENTRY--PERSONAL NAME
Personal name Foot/Christopher J
245 ## - TITLE STATEMENT
Title Atomic Physics
260 ## - PUBLICATION, DISTRIBUTION, ETC.
Name of publisher, distributor, etc. Ane Books India
Place of publication, distribution, etc. Mumbai
Date of publication, distribution, etc. 2008
366 ## - TRADE AVAILABILITY INFORMATION
Publishers's discount category 20
300 ## - PHYSICAL DESCRIPTION
Extent 210
546 ## - LANGUAGE NOTE
Language note ENGLISH
650 ## - SUBJECT ADDED ENTRY--TOPICAL TERM
Topical term or geographic name entry element Atomic Physics
654 ## - SUBJECT ADDED ENTRY--FACETED TOPICAL TERMS
Focus term atomic physics
942 ## - ADDED ENTRY ELEMENTS (KOHA)
Koha item type Reference Book
Holdings
Withdrawn status Lost status Damaged status Not for loan Collection Home library Current library Date acquired Source of acquisition Cost, normal purchase price Inventory number Total Checkouts Full call number Barcode Date last seen Cost, replacement price Price effective from Koha item type
        CRC Fr. Agnel's C.Rodrigues College of Engineering Fr. Agnel's C.Rodrigues College of Engineering 17/03/2023 Ane Books India 476.00 355   547.2/FOO FOO 18693 17/03/2023 595.00   Reference Book